[Event "Geraldo"]
[Site "http://www.queenalice.com/game.php?id=215979"]
[Date "2007.5.24"]
[Round "-"]
[White "gerajpb"]
[Black "gilsinho22"]
[Result "1-0"]
[WhiteElo "2078"]
[BlackElo "1496"]

1. e4 d5 2. exd5 Qxd5 3. Nc3 Qe5+ 4. Qe2 Qxe2+ 5. Bxe2 Nf6 6. d3 a6 7. Bf4 Kd8
8. Nf3 Be6 9. Ng5 Nc6 10. Nxe6+ fxe6 11. Ne4 Nd4 12. Rc1 Nxe4 13. dxe4 c5 14.
Bg4 Rc8 15. c3 Nb5 16. Bxe6 Rc6 17. Rd1+ Ke8 18. Bd7+ Kf7 19. Bxc6 bxc6 20. f3
c4 21. Rd8 Kg8 22. Ra8 h6 23. Rxa6 g5 24. Bb8 c5 25. Ra5 Nd6 26. h4 Nb7 27. Rb5
Nd6 28. Rxc5 e6 29. Bxd6 Bxd6 30. Rc8+ Kg7 31. Rxh8 Kxh8 32. hxg5 Bf4 33. Rxh6+
Kg7 34. Rxe6 Bxg5 35. Kd1 Kf7 36. Rc6 Be7 37. Rc7 Ke6 38. Rxe7+ Kxe7 39. Ke2 Ke6
40. f4 Kf6 41. Ke3 Ke6 42. Kd4 Kf6 43. Kd5 Kf7 44. g4 Kf6 45. Kd6 Kf7 46. Kd7
Kf6 47. e5+ Kf7 48. e6+ Kf6 49. e7 Kg7 50. e8=Q Kh6 51. g5+ Kg7 52. Ke7 Kh7 53.
Qf8 Kg6 54. Qf7# 1-0

[Event "Geraldo"]
[Site "http://www.queenalice.com/game.php?id=215981"]
[Date "2007.5.24"]
[Round "-"]
[White "gerajpb"]
[Black "hk1960"]
[Result "1-0"]
[WhiteElo "2060"]
[BlackElo "998"]

1. e4 b5 2. Bxb5 c6 3. Be2 Qc7 4. d4 e6 5. Nf3 Bb4+ 6. c3 Ne7 7. cxb4 O-O 8. Nc3
Ng6 9. O-O Nf4 10. Bxf4 Qxf4 11. Qc1 Qd6 12. a3 Qe7 13. b3 d6 14. Qc2 a6 15.
Rac1 a5 16. b5 cxb5 17. Nxb5 e5 18. Qxc8 Ra6 19. Rc7 Qf6 20. Nc3 Nc6 21. dxe5
Qf4 22. Bxa6 Qh6 23. Rxc6 Qe6 24. exd6 Qxb3 25. Qxf8+ Kxf8 26. Rc8# 1-0

[Event "Challenge"]
[Site "http://www.queenalice.com/game.php?id=224632"]
[Date "2007.6.13"]
[Round "-"]
[White "gerajpb"]
[Black "EL_CHICO"]
[Result "1-0"]
[WhiteElo "2044"]
[BlackElo "1940"]

1. e4 c5 2. Nf3 Nc6 3. Nc3 g6 4. d4 cxd4 5. Nxd4 Bg7 6. Be3 e5 7. Ndb5 Bf8 8.
Nd5 Bd6 9. Nxd6+ Kf8 10. Bc5 Kg7 11. Nc7 Rb8 12. Nde8+ Kh6 13. Bf8+ Kg5 14. h4+
1-0

[Event "Geraldo"]
[Site "http://www.queenalice.com/game.php?id=226135"]
[Date "2007.6.16"]
[Round "-"]
[White "edsonholanda"]
[Black "gerajpb"]
[Result "0-1"]
[WhiteElo "1467"]
[BlackElo "2080"]

1. e4 c5 2. Nf3 Nc6 3. d4 cxd4 4. Nxd4 e6 5. Nxc6 bxc6 6. Nc3 d5 7. exd5 cxd5 8.
Bb5+ Bd7 9. Bxd7+ Qxd7 10. O-O Nf6 11. Bg5 Be7 12. Bxf6 Bxf6 13. Qg4 O-O 14.
Rad1 Qc6 15. Rfe1 Rfb8 16. b3 Qxc3 17. Re3 Qxc2 18. a4 Rxb3 19. Rxb3 Qxb3 20.
Qg3 Qxd1# 0-1

[Event "Challenge"]
[Site "http://www.queenalice.com/game.php?id=230097"]
[Date "2007.6.24"]
[Round "-"]
[White "corinthians2"]
[Black "gerajpb"]
[Result "0-1"]
[WhiteElo "2128"]
[BlackElo "2082"]

1. e4 e5 2. Nf3 Nc6 3. Bb5 a6 4. Ba4 Nf6 5. O-O d6 6. d4 b5 7. Bb3 Nxd4 8. Nxd4
exd4 9. Bd5 Nxd5 10. exd5 Qf6 11. Re1+ Be7 12. Qe2 Kd8 13. a4 Rb8 14. axb5 Rxb5
15. c4 dxc3 16. Nxc3 Rb4 17. g3 Re8 18. h4 Qg6 19. Ra4 Rxa4 20. Nxa4 Qg4 21.
Qxg4 Bxg4 22. Nc3 Bf6 23. Rxe8+ Kxe8 0-1

[Event "AUTO-ELITE-76"]
[Site "http://www.queenalice.com/game.php?id=235664"]
[Date "2007.7.6"]
[Round "2"]
[White "Miguelname"]
[Black "gerajpb"]
[Result "1-0"]
[WhiteElo "2088"]
[BlackElo "2089"]

1. e4 e5 2. Nf3 Nf6 3. Nxe5 Qe7 4. d4 d6 5. Nf3 Qxe4+ 6. Be2 Bf5 7. Na3 Be7 8.
O-O Rf8 9. Ng5 Qd5 10. Bf3 Be4 11. Nxe4 Nxe4 12. c4 Qc6 13. d5 Qb6 14. Bxe4 Bf6
15. Rb1 Nd7 16. Be3 Qa6 17. Nb5 Kd8 18. a3 h6 19. b4 Rg8 20. Bd3 Ne5 21. Be2 Rb8
22. c5 dxc5 23. bxc5 b6 24. c6 Rc8 25. d6 Nxc6 26. dxc7+ 1-0

[Event "AUTO-ELITE-76"]
[Site "http://www.queenalice.com/game.php?id=235665"]
[Date "2007.7.6"]
[Round "2"]
[White "gerajpb"]
[Black "Miguelname"]
[Result "1/2-1/2"]
[WhiteElo "2080"]
[BlackElo "2154"]

1. d4 Nf6 2. c4 g6 3. Qa4 Bg7 4. Nc3 O-O 5. e4 d6 6. Nf3 e5 7. dxe5 dxe5 8. Be3
Qe7 9. Rd1 Bg4 10. Be2 Nc6 11. O-O Rad8 12. Nd5 Nxd5 13. exd5 Nd4 14. Bxd4 exd4
15. Rfe1 Qd7 16. Qxd7 Bxd7 17. Nxd4 Rfe8 18. b3 Re7 19. Kf1 Rde8 20. c5 h6 21.
a3 a5 22. d6 cxd6 23. cxd6 Re4 24. Nc2 a4 25. b4 Bc3 26. Bd3 Rxe1+ 27. Nxe1 Be5
28. Be2 Rd8 29. h3 Bc6 30. b5 Be8 31. Nf3 Bb2 32. Rd2 Bxa3 33. Ra2 Bxd6 34. Rxa4
Rc8 35. Bd3 Bc5 36. Ke2 f5 37. Ne5 Kg7 38. g4 Kf6 39. f4 Rd8 40. h4 g5 41. hxg5+
hxg5 42. Kf3 1/2-1/2

[Event "AUTO-ELITE-76"]
[Site "http://www.queenalice.com/game.php?id=235668"]
[Date "2007.7.6"]
[Round "2"]
[White "Mirok"]
[Black "gerajpb"]
[Result "1-0"]
[WhiteElo "2161"]
[BlackElo "2100"]

1. d4 d5 2. c4 dxc4 3. Nf3 e6 4. e3 Nf6 5. Bxc4 Bd7 6. O-O Bd6 7. Nc3 Bc6 8. Bd3
Bb4 9. Re1 O-O 10. e4 a6 11. e5 Nd5 12. Bxh7+ Kh8 13. Ng5 g6 14. Qg4 Qd7 15. Qh3
Kg7 16. Nxd5 exd5 17. e6 Qe7 18. Bg8 1-0

[Event "AUTO-ELITE-76"]
[Site "http://www.queenalice.com/game.php?id=235669"]
[Date "2007.7.6"]
[Round "2"]
[White "gerajpb"]
[Black "Mirok"]
[Result "1/2-1/2"]
[WhiteElo "2073"]
[BlackElo "2196"]

1. e4 c5 2. Nf3 e6 3. Nc3 Nc6 4. Bb5 Nge7 5. O-O a6 6. Bxc6 Nxc6 7. Re1 e5 8. d3
d6 9. Nd5 Bg4 10. c3 Be7 11. a3 O-O 12. b4 Kh8 13. bxc5 dxc5 14. h3 Bh5 15. a4
Rb8 16. Ba3 Bd6 17. Rb1 b5 18. axb5 axb5 19. Bb2 Ne7 20. Ne3 Qc7 21. Qe2 Ra8 22.
c4 b4 23. Ra1 Rfb8 24. Reb1 f6 25. Qd1 Rxa1 26. Rxa1 Qb7 27. Rb1 Ra8 28. Nf1 Ra2
29. Ng3 Bf7 30. Qb3 Qa7 31. Ne2 Nc6 32. Nc1 Ra6 33. Qc2 Be8 1/2-1/2

[Event "AUTO-ELITE-76"]
[Site "http://www.queenalice.com/game.php?id=235670"]
[Date "2007.7.6"]
[Round "2"]
[White "sergiogvh"]
[Black "gerajpb"]
[Result "1-0"]
[WhiteElo "2234"]
[BlackElo "2054"]

1. e4 e5 2. f4 exf4 3. Nf3 Qe7 4. Nc3 Nf6 5. d3 d5 6. Bxf4 dxe4 7. dxe4 Nc6 8.
Qe2 Bg4 9. h3 Bxf3 10. Qxf3 Nd4 11. Qf2 Nxe4 12. Qxd4 Nxc3+ 13. Qe5 Nd5 14.
O-O-O Qxe5 15. Bxe5 O-O-O 16. Bc4 c6 17. Bxd5 cxd5 18. Rd3 Bd6 19. Bxg7 Rhg8 20.
Bf6 Bf4+ 21. Kb1 Rd6 22. Bd4 Rxg2 23. Rf3 Bh6 24. Rxf7 Rd7 25. Rxd7 Kxd7 26.
Bxa7 Bg5 27. Rg1 Rd2 28. c3 h6 29. h4 Bxh4 30. Rg7+ Be7 31. Bc5 Re2 32. Rh7 Kd8
33. Bxe7+ Rxe7 34. Rxh6 1-0

[Event "AUTO-ELITE-76"]
[Site "http://www.queenalice.com/game.php?id=235671"]
[Date "2007.7.6"]
[Round "2"]
[White "gerajpb"]
[Black "sergiogvh"]
[Result "0-1"]
[WhiteElo "2063"]
[BlackElo "2227"]

1. e4 e6 2. d4 d5 3. Bd3 dxe4 4. Bxe4 Nf6 5. Bg5 Be7 6. Bxf6 Bxf6 7. c3 O-O 8.
Qh5 g6 9. Qf3 c6 10. Nd2 e5 11. Nb3 exd4 12. O-O-O Re8 13. Nxd4 Bg5+ 14. Kc2 Nd7
15. Nh3 Ne5 16. Qe2 Bxh3 17. gxh3 Qc8 18. Rhg1 Bf4 19. h4 Bxh2 20. Rg2 Bf4 21.
h5 Qc7 22. hxg6 fxg6 23. Bf5 Kh8 24. Qe4 Nf7 25. Ne6 gxf5 26. Qxf4 Qxf4 27. Nxf4
Re4 28. Nh5 Re2+ 29. Kb3 Rg8 30. Rxg8+ Kxg8 31. Rd7 b5 32. Rxa7 h6 33. f4 c5 34.
Rd7 Rh2 0-1

[Event "Geraldo"]
[Site "http://www.queenalice.com/game.php?id=240258"]
[Date "2007.7.15"]
[Round "-"]
[White "gerajpb"]
[Black "edsonholanda"]
[Result "1-0"]
[WhiteElo "2083"]
[BlackElo "1492"]

1. Nf3 d5 2. c4 dxc4 3. Na3 e6 4. Nxc4 Nf6 5. e3 Nc6 6. d4 Bb4+ 7. Bd2 Bxd2+ 8.
Qxd2 Ne4 9. Qc2 f5 10. Bd3 Nb4 11. Qa4+ Nc6 12. Na5 Bd7 13. Nxb7 Qb8 14. Qb3 e5
15. Nxe5 Nxe5 16. dxe5 Bc6 17. Qe6+ Kf8 18. Qxc6 Qe8 19. Rc1 Qxc6 20. Rxc6 Re8
21. Rxc7 h5 22. f3 Ng5 23. Nc5 g6 24. Nd7+ Kg8 25. Nf6+ Kf8 26. Nxe8 Kxe8 27.
Rc8+ Ke7 28. Rxh8 Nf7 29. Rh7 Ke6 30. Bc4+ Kxe5 31. Bxf7 Kf6 32. Kd2 a5 33. f4
a4 34. Rc1 g5 35. Rc6+ Ke7 36. Be6+ Kd8 37. Rc8# 1-0

[Event "Geraldo"]
[Site "http://www.queenalice.com/game.php?id=283259"]
[Date "2007.10.8"]
[Round "-"]
[White "edsonholanda"]
[Black "gerajpb"]
[Result "0-1"]
[WhiteElo "1531"]
[BlackElo "2102"]

1. d4 d5 2. e3 c5 3. dxc5 e6 4. Nf3 Bxc5 5. Bb5+ Bd7 6. Bxd7+ Nxd7 7. O-O Ne7 8.
Nc3 O-O 9. a3 Qc7 10. e4 Rad8 11. exd5 Nf6 12. Bg5 Nexd5 13. Nxd5 Rxd5 14. Qe2
Ng4 15. Rad1 Rxg5 16. Nxg5 Qxh2# 0-1

[Event "Geraldo"]
[Site "http://www.queenalice.com/game.php?id=283263"]
[Date "2007.10.8"]
[Round "-"]
[White "gerajpb"]
[Black "Chamnix"]
[Result "1-0"]
[WhiteElo "2085"]
[BlackElo "2121"]

1. e4 c5 2. Nf3 d6 3. d4 cxd4 4. Nxd4 Nf6 5. Nc3 a6 6. Be2 e5 7. Nf3 h6 8. O-O
Be6 9. Be3 Be7 10. Nd2 d5 11. exd5 Nxd5 12. Nxd5 Bxd5 13. Nc4 Nc6 14. Nb6 1-0

[Event "PB.PR"]
[Site "http://www.queenalice.com/game.php?id=295053"]
[Date "2007.10.29"]
[Round "-"]
[White "blanenatelo05"]
[Black "gerajpb"]
[Result "1/2-1/2"]
[WhiteElo "2228"]
[BlackElo "2087"]

1. e4 e5 2. Nf3 Nc6 3. Bb5 a6 4. Bxc6 dxc6 5. O-O Bg4 6. h3 Bh5 7. Nc3 Qd6 8. d3
Nf6 9. Bg5 O-O-O 10. Be3 h6 11. g4 Nxg4 12. hxg4 Bxg4 13. Kh2 Qf6 14. Kg3 Be6
15. Rh1 Be7 16. Qe2 h5 17. Rhg1 Bg4 18. Bg5 Qxg5 19. Nxg5 Bxe2 20. Nxf7 Bg4 21.
Nxh8 Rxh8 22. f3 Be6 23. f4 exf4+ 24. Kxf4 g5+ 25. Rxg5 Bxg5+ 26. Kxg5 h4 27.
Ne2 h3 28. Nf4 h2 29. Rh1 Bxa2 30. Ng6 Rh3 31. Nf4 Rh8 32. Ng6 Rh3 33. Nf4 Rh8
34. Ng6 1/2-1/2

[Event "Geraldo"]
[Site "http://www.queenalice.com/game.php?id=310748"]
[Date "2007.11.26"]
[Round "-"]
[White "gerajpb"]
[Black "edsonholanda"]
[Result "1-0"]
[WhiteElo "2111"]
[BlackElo "1523"]

1. e4 e5 2. Nf3 Nc6 3. Bc4 d6 4. c3 Nf6 5. Ng5 d5 6. exd5 h6 7. Nxf7 Qe7 8. Nxh8
Na5 9. Qa4+ Bd7 10. Qxa5 b6 11. Qa6 c6 12. Qb7 Qd8 13. dxc6 Bxc6 14. Bf7# 1-0

[Event "GERA"]
[Site "http://www.queenalice.com/game.php?id=338905"]
[Date "2008.1.19"]
[Round "-"]
[White "gerajpb"]
[Black "edsonholanda"]
[Result "0-1"]
[WhiteElo "2113"]
[BlackElo "1603"]

1. e4 e5 2. Nf3 Nc6 3. Bb5 Nf6 4. O-O d5 5. Nxe5 Bd7 6. Nxd7 Nxd7 7. exd5 Nd4 8.
Nc3 c6 9. Re1+ Be7 10. d6 cxb5 11. Rxe7+ Kf8 12. Qh5 g6 0-1

[Event "Challenge"]
[Site "http://www.queenalice.com/game.php?id=350403"]
[Date "2008.2.7"]
[Round "-"]
[White "zegan13"]
[Black "gerajpb"]
[Result "1-0"]
[WhiteElo "2177"]
[BlackElo "2045"]

1. e4 e5 2. Nf3 Nc6 3. Bb5 a6 4. Ba4 Bc5 5. O-O b5 6. Bb3 Nf6 7. c3 Nxe4 8. Qe2
d5 9. d3 Bxf2+ 10. Rxf2 Nxf2 11. Qxf2 Qd6 12. a4 b4 13. Be3 Na5 14. Bc5 Qc6 15.
Nxe5 Qe6 16. Nd2 bxc3 17. bxc3 1-0